Capitales du monde avec la lettre w, x, y ou z - Statistiques

Statistiques générales
  • Ce quiz a été pris 275 fois
  • Le résultat moyen est 21 sur 33
Statistiques - réponses
Réponse % Correct
Washington
95%
Wellington
89%
Zagreb
85%
Yamoussoukro
76%
Tokyo
75%
Yaoundé
74%
Pyongyang
71%
Reykjavik
70%
Riyad
70%
Ottawa
69%
Bruxelles
67%
Mexico
67%
Vaduz
66%
Windhoek
66%
Beyrouth
65%
Luxembourg
64%
Brazzaville
59%
Kingstown
59%
Georgetown
58%
New Delhi
58%
Yaren
57%
Freetown
55%
La Paz
53%
Port Moresby
53%
Conakry
52%
Koweit
51%
Lilongwe
51%
Naypyidaw
51%
Bandar Seri Begawan
49%
Bridgetown
49%
Niamey
49%
Sri Jayawardenapura Kotte
46%
Tarawa-Sud
33%
Aucun quiz correspondant
Distribution des résultats
% des personnes avec chaque résultat
Percentile par nombre de réponses
Votre historique - résultats
Vous n’avez pas pris ce quiz